Soundgarden - Band Quiz - Statistics

General Stats
  • This quiz has been taken 102 times
  • The average score is 20 of 34
Answer Stats
Question Answer % Correct
Lead vocals, rhythm guitar Chris Cornell
99%
Top 10 Billboard Alternative Rock Tracks (U.S.) Black Hole Sun
91%
City in Washington where the band was formed Seattle
89%
EP (1995) Songs from the Superunknown
89%
Album (1994) Superunknown
89%
Year in which the band was formed 1984
87%
Album (1991) Badmotorfinger
87%
Year in which the lead singer died 2017
86%
Supergroup formed by the lead singer and Pearl Jam members Temple of the Dog
86%
Supergroup formed by the lead singer and Rage Against The Machine members Audioslave
83%
Album (1996) Down on the Upside
76%
Lead guitar Kim Thayil
76%
Drums, backing vocals Matt Cameron
76%
Album (1988) Ultramega OK
72%
Album (2012) King Animal
71%
EP (2013) King Animal Demos
71%
Album (1989) Louder Than Love
70%
Bass, backing vocals Ben Shepherd
66%
Top 10 Billboard Alternative Rock Tracks (U.S.) Spoonman
66%
American City where they played their last concert Detroit
49%
EP (1988) Fopp
47%
Bass, backing vocals Hiro Yamamoto
47%
EP (1987) Screaming Life
45%
Top 10 Billboard Alternative Rock Tracks (U.S.) Burden in My Hand
42%
Top 10 Billboard Alternative Rock Tracks (U.S.) Blow Up the Outside World
39%
Manager of the band and ex-wife of the lead singer Susan Silver
38%
Top 10 Billboard Alternative Rock Tracks (U.S.) Pretty Noose
36%
EP (1989) Flower
30%
Bass Jason Everman
30%
First single Hunted Down
26%
Drums Scott Sundquist
21%
EP (1992) Satanoscillatemymetallicsonatas (SOMMS)
9%
EP (1990) Loudest Love
8%
EP (2011) Before the Doors: Live on I-5 Soundcheck
0%
No matching quizzes found
Score Distribution
Percent of People with Each Score
Percentile by Number Answered
Your Score History
You have not taken this quiz